<?xml version="1.0" encoding="UTF-8"?>
<marc:record xmlns:marc="http://www.loc.gov/MARC21/slim">
   <marc:leader>00000nam a2200000 a 4500</marc:leader>
   <marc:datafield ind1="1" ind2=" " tag="100">
      <marc:subfield code="a">Petermann, Franz</marc:subfield>
      <marc:subfield code="4">ctb</marc:subfield>
      <marc:subfield code="e">Mitwirkende/-r</marc:subfield>
   </marc:datafield>
   <marc:datafield ind1=" " ind2=" " tag="653">
      <marc:subfield code="a">Gefühl</marc:subfield>
   </marc:datafield>
   <marc:datafield ind1=" " ind2=" " tag="653">
      <marc:subfield code="a">Sozialkompetenz</marc:subfield>
   </marc:datafield>
   <marc:datafield ind1=" " ind2=" " tag="653">
      <marc:subfield code="a">Verhaltenstraining</marc:subfield>
   </marc:datafield>
   <marc:datafield ind1=" " ind2=" " tag="653">
      <marc:subfield code="a">Schuljahr 3-4</marc:subfield>
   </marc:datafield>
   <marc:datafield ind1="0" ind2="0" tag="245">
      <marc:subfield code="a">Verhaltenstraining in der Grundschule</marc:subfield>
   </marc:datafield>
   <marc:datafield ind1="0" ind2="0" tag="245">
      <marc:subfield code="b">ein Präventionsprogramm zur Förderung emotionaler und sozialer Kompetenzen</marc:subfield>
   </marc:datafield>
   <marc:datafield ind1="0" ind2="0" tag="245">
      <marc:subfield code="c">von Franz Petermann ...</marc:subfield>
   </marc:datafield>
   <marc:datafield ind1=" " ind2="1" tag="264">
      <marc:subfield code="a">Göttingen</marc:subfield>
      <marc:subfield code="b">Hogrefe</marc:subfield>
      <marc:subfield code="c">2007</marc:subfield>
   </marc:datafield>
   <marc:datafield ind1="1" ind2=" " tag="520">
      <marc:subfield code="a">Angaben aus der Verlagsmeldung

Verhaltenstraining in der Grundschule : Ein Präventionsprogramm zur Förderung emotionaler und sozialer Kompetenzen / von Franz Petermann, Ute Koglin, Heike Natzke, Nandoli von Marées

Das Verhaltenstraining in der Grundschule stellt ein altersgerecht gestaltetes Präventionsprogramm zur Förderung der emotionalen und sozialen Kompetenz sowie der moralischen Entwicklung von Grundschulkindern dar. Es wurde speziell für Kinder in der 3. und 4. Klasse der Grundschule entwickelt, umfasst 26 Einheiten und kann mit Gruppen in der Schule oder anderen pädagogischen Einrichtungen vom Lehrer oder Gruppenleiter durchgeführt werden.

Zunächst lernen die Kinder ihre eigenen Gefühle und die Gefühle anderer besser wahrzunehmen und zu verstehen. Zudem üben sie, wie unangenehme Gefühle (z.B. Wut) angemessen bewältigt werden können. In der nächsten Stufe lernen die Kinder eine eigenständige Konfliktbewältigung mittels eines Problemlöseplans und anhand von praktischen Übungen zur sozialen Kompetenz. In der abschließenden Trainingsstufe werden die Kinder beim Aufbau von Wertmaßstäben im Hinblick auf Fairness, Selbstverantwortung und Zivilcourage unterstützt, der Aufbau prosozialen Verhaltens wird systematisch gefördert. Die Stärken des Programms liegen in der wissenschaftlichen Fundierung der Trainingsinhalte und der motivierenden Gestaltung des umfangreichen Trainingsmaterials, wie zum Beispiel dem spannenden Hörspiel „Abenteuer auf Duesternbrook“, in dem vier Kinder eine geheimnisumwitterte Burg erkunden. Die vielfältigen Arbeitsmaterialien des Programms sind auf der beigelegten DVD verfügbar.
</marc:subfield>
   </marc:datafield>
   <marc:datafield ind1=" " ind2=" " tag="020">
      <marc:subfield code="a">9783801720179</marc:subfield>
      <marc:subfield code="9">9783801720179</marc:subfield>
   </marc:datafield>
   <marc:datafield ind1=" " ind2=" " tag="020">
      <marc:subfield code="a">3801720179</marc:subfield>
      <marc:subfield code="9">3801720179</marc:subfield>
   </marc:datafield>
   <marc:datafield ind1=" " ind2=" " tag="041">
      <marc:subfield code="a">ger</marc:subfield>
   </marc:datafield>
   <marc:datafield ind1=" " ind2=" " tag="300">
      <marc:subfield code="a">240 S.</marc:subfield>
   </marc:datafield>
</marc:record>
